| 000 | 00492ntaaa2200181 4500 | ||
|---|---|---|---|
| 003 | 01 | ||
| 005 | 20251027202459.0 | ||
| 008 | 0714s1973 ag 01 | ||
| 040 |
_aAR-BaBN _bspa _cAR-BaBN _eaacr _dRIC |
||
| 082 | _a220.3000 R15 | ||
| 100 |
_aRand, W.W. _99659 |
||
| 245 | _aDiccionario de la Santa Biblia | ||
| 250 | _a1 ed. | ||
| 260 |
_aNueva York : _bSociedad Americana de Tratados, _c1890 |
||
| 300 |
_a768p ; _cmapas |
||
| 500 | _aejs.2,3,4,5,8 Faltan segun inventario 1987 | ||
| 942 | _cBK | ||
| 999 |
_c19837 _d19837 |
||